Francísco de Zurbarán: su época, su vida y sus obras

Zapisane w:
Opis bibliograficzny
1. autor: Cascales Muñoz, José (Autor)
Format: Książka
Język:hiszpański
Wydane: Madrid Ibero-Americana 1931
Hasła przedmiotowe:
Etykiety: Dodaj etykietę
Nie ma etykietki, Dołącz pierwszą etykiete!

MARC

LEADER 00000nam a2200000 a 4500
001 UCZ7654
003 CL-VaPUC
008 960109e19310000SP |||||||||||||||||spa|d
082 0 4 |a 927  |b CAS  |2 21 
100 0 |a Cascales Muñoz, José  |e author  |9 352641 
245 1 0 |a Francísco de Zurbarán: su época, su vida y sus obras 
300 |a 144 p 
942 |c BK 
945 |d 19960109 00:00:00  |a rleighto 
260 |a Madrid  |b Ibero-Americana  |c 1931 
600 0 |a Zurbarán, Francisco de,  |d 1598-1664  |9 348034 
650 0 |a Biografías  |9 255210 
650 0 |a Pintores   |9 265963 
583 |a last modification  |c 19960109 00:00:00  |k Rodrigo Vera 
999 |c 243702  |d 243700 
952 |0 0  |1 0  |2 ddc  |4 0  |6 927_000000000000000_CAS_1931  |7 0  |8 A  |9 257476  |a BIBART  |b BIBART  |d 2019-11-19  |i 316747K  |o 927 CAS 1931  |p 316747K  |r 2023-01-11  |w 2019-11-19  |y BK  |k ART